MARC details
| 000 -CABECERA |
| campo de control de longitud fija |
01157cam a2200241 a 4500 |
| 001 - NÚMERO DE CONTROL |
| campo de control |
000010027 |
| 005 - FECHA Y HORA DE LA ÚLTIMA TRANSACCIÓN |
| campo de control |
20200929161816.0 |
| 008 - DATOS DE LONGITUD FIJA--INFORMACIÓN GENERAL |
| campo de control de longitud fija |
820812m19801981ve a b 101 0 spa |
| 040 ## - FUENTE DE LA CATALOGACIÓN |
| Centro catalogador/agencia de origen |
DO-SdBNP |
| Lengua de catalogación |
spa |
| Centro/agencia transcriptor |
BNPHU |
| 082 ## - NÚMERO DE LA CLASIFICACIÓN DECIMAL DEWEY |
| Número de clasificación |
xxxx |
| Número de documento/Ítem |
19 |
| -- |
B446l |
| 049 ## - FONDOS LOCALES (OCLC) |
| Fondos de biblioteca |
BNGR |
| 245 00 - MENCIÓN DE TÍTULO |
| Título |
Bello y Londres : |
| Resto del título |
segundo congreso del bicentenario. |
| 260 ## - PUBLICACIÓN, DISTRIBUCIÓN, ETC. |
| Lugar de publicación, distribución, etc. |
Caracas : |
| Nombre del editor, distribuidor, etc. |
Fundación La Casa de Bello, |
| Fecha de publicación, distribución, etc. |
1980. |
| 300 ## - DESCRIPCIÓN FÍSICA |
| Extensión |
2 v. : |
| Otras características físicas |
il. ; |
| Dimensiones |
24 cm. |
| 500 ## - NOTA GENERAL |
| Nota general |
Actas de una reunión organizada por la Fundación La Casa de Bello y la Comisión Nacional para la Celebración del Bicentenario de Don Andrés Bello y realizada en La Casa de Bello, noviembre 22-28, 1979. |
| 504 ## - NOTA DE BIBLIOGRAFÍA, ETC. |
| Nota de bibliografía, etc. |
Incluye bibliografía e índices. |
| 600 10 - PUNTO DE ACCESO ADICIONAL DE MATERIA--NOMBRE DE PERSONA |
| Nombre de persona |
Bello, Andrés, |
| Fechas asociadas al nombre |
1781-1865 |
| Subdivisión general |
Homes and haunts |
| Subdivisión geográfica |
England |
| -- |
London |
| Subdivisión general |
Congresses. |
| 9 (RLIN) |
24980 |
| 651 #0 - PUNTO DE ACCESO ADICIONAL DE MATERIA--NOMBRE GEOGRÁFICO |
| Nombre geográfico |
London (England{Rpara} |
| Subdivisión general |
History |
| Subdivisión cronológica |
1800-1950 |
| Subdivisión general |
Congresses. |
| 9 (RLIN) |
24981 |
| 600 10 - PUNTO DE ACCESO ADICIONAL DE MATERIA--NOMBRE DE PERSONA |
| Nombre de persona |
Bello, Andres, |
| Fechas asociadas al nombre |
1781-1865 |
| Subdivisión general |
Criticism and interpretation |
| -- |
Congresses. |
| 9 (RLIN) |
24982 |
| 710 2# - PUNTO DE ACCESO ADICIONAL--NOMBRE DE ENTIDAD CORPORATIVA |
| Nombre de entidad corporativa o nombre de jurisdicción como elemento de entrada |
Fundación La Casa de Bello. |
| 9 (RLIN) |
6770 |
| 710 2# - PUNTO DE ACCESO ADICIONAL--NOMBRE DE ENTIDAD CORPORATIVA |
| Nombre de entidad corporativa o nombre de jurisdicción como elemento de entrada |
Comisión Nacional para la Celebración del Bicentenario de Don Andrés Bello. |
| 9 (RLIN) |
6771 |
| 910 ## - DATOS DE OPCIÓN DEL USUARIO (OCLC) |
| Datos de opción del usuario |
Catalogación por copia / LC |